| 000 | 01016nam a2200277 a 4500 | ||
|---|---|---|---|
| 001 | 000007082 | ||
| 003 | DO-SdBNP | ||
| 005 | 20170925095437.0 | ||
| 007 | 000007082 | ||
| 008 | 090904s1994 dr d 000 0 spa d | ||
| 040 |
_aBPMSU _bspa _cBPMSU |
||
| 082 | 4 |
_a382.6 _bD238s |
|
| 100 | 1 | _aDauhajre, Andres | |
| 245 | 1 | 0 |
_aSesgo anti-exportador y promoción de exportaciones en la Republica Dominicana / _cAndres Dauhajre ; presentación Héctor Valdéz Albizu. |
| 260 |
_aSanto Domingo : _bBanco Central de la República Dominicana, _c1994. |
||
| 300 |
_ax, 125 p. : _bdiagr. ; _c23 cm. |
||
| 504 | _aincluye referencias bibliográficas y notas al pie de las páginas | ||
| 650 | 4 |
_aEXPORTACIONES _zREPÚBLICA DOMINICANA |
|
| 650 | 4 | _aPROMOCIÓN DE EXPORTACIÓN | |
| 651 | 4 |
_aREPÚBLICA DOMINICANA _xCOMERCIO EXTERIOR |
|
| 700 | 1 | 2 | _aValdéz Albizu, Héctor |
| 910 | _aValidado. Control de calidad MFF | ||
| 942 |
_2ddc _cBK |
||
| 945 | _aInventario / 2017 VM | ||
| 956 |
_aVMATEO _b10 _c20150806 _lBPMSU _h00151 |
||
| 999 |
_c8090 _d8090 |
||